00523nam a2200193 a 4500001001300000003000900013005001700022008004100039020001000080082001600090100001800106245004900124260005900173300000900232500003500241505001000276650002500286700001800311nice12345678IN_TiNIC20260116013530.0050524s1985 alwa grp 000 0 eng  ac20000a291.34bTHA aThachil, Jose aVedic and the Christian Concept of Sacrifice aAlwaye(kerala)bPontifical Institute of Theologyc1985 a363p aincludes index and biblioraphy2 aIndex aComparative Religion1 aThachil, Jose